| 000 | 00330nam a2200109Ia 4500 | ||
|---|---|---|---|
| 008 | 180412s9999||||xx |||||||||||||| ||und|| | ||
| 020 | _a815767706 | ||
| 040 | _aAhmadu Bello University Library - Zaria | ||
| 100 | _aOwen, Wilfred | ||
| 245 | 4 |
_aThe accessible city _cWilfred Owen |
|
| 260 |
_aWashington D.C. _bBrookings Institution _c1972 |
||
| 300 | _aviii, 150p. | ||
| 999 |
_c6695 _d6695 |
||